Every Tomb Raider Game - Statistics

General Stats
  • This quiz has been taken 334 times
  • The average score is 8 of 18
Answer Stats
Hint Answer % Correct
Tomb Raider
98%
Tomb Raider 2
95%
Tomb Raider 3
92%
Tomb Raider 1
91%
Tomb Raider Legend
74%
Tomb Raider Anniversary
73%
Tomb Raider Underworld
73%
Tomb Raider: Angel of Darkness
70%
Tomb Raider Chronicles
63%
Tomb Raider: The Last Revelation
56%
Lara Croft & The Guardian of Light
20%
Tomb Raider: The Prophecy
12%
Tomb Raider: Curse of the Sword
7%
Tomb Raider Gameboy (The Nightmare Stone)
3%
Tomb Raider: Elixir of Life
1%
Tomb Raider: Puzzle Paradox
1%
Tomb Raider: Quest for Cinnabar
1%
Tomb Raider: The Osiris Codex
1%
No matching quizzes found
Score Distribution
Percent of People with Each Score
Percentile by Number Answered
Your Score History
You have not taken this quiz